[Event "It (open)"]
[Site "Dornbirn (Austria)"]
[Round "0"]
[White "Tschedemnig Herbert (AUT)"]
[Black "Liepold Stefan (GER)"]
[Result "0-1"]
[WhiteElo "1985"]
[BlackElo "2269"]

1.c4 e5 2.Nc3 Nc6 3.g3 g6 4.Bg2 Bg7 5.d3 d6 6.Nf3 Nf6 7.O-O O-O 8.Rb1 Bd7 9.b4
Qc8 10.Re1 Bh3 11.Bh1 h6 12.Bd2 Ne7 13.Qc1 Kh7 14.a3 Nh5 15.e4 f5 16.exf5 Bxf5
17.Re3 Bg4 18.Nh4 Nf5 19.Nxf5 gxf5 20.Nd5 c6 21.Nc3 f4 22.Be4+ Kh8 23.Re1 Nf6
24.gxf4 Nxe4 25.dxe4 Bf3 26.f5 Rxf5 27.Re2 Rg5+ 28.Kf1 Qh3+ {#R} 0-1

[Event "It (cat.11)"]
[Site "Esbjerg (Denmark)"]
[Round "9"]
[White "Rasmussen Karsten (DEN)"]
[Black "Kosten Anthony C (FRA)"]
[Result "0-1"]
[WhiteElo "2480"]
[BlackElo "2510"]

1.c4 e5 2.g3 Nc6 3.Bg2 g6 4.Nc3 Bg7 5.d3 d6 6.e4 Nge7 7.Nge2 O-O 8.O-O Be6
9.Be3 Qd7 10.Nd5 f5 11.Qd2 Rf7 12.Rae1 fxe4 13.dxe4 Raf8 14.c5 dxc5 15.Bxc5
Rd8 16.Rd1 Nc8 17.b3 Nd6 18.Be3 Nb5 19.Bh6 Bxh6 20.Qxh6 Ncd4 21.Nxd4 Nxd4
22.Qg5 Bxd5 23.exd5 Qd6 24.Qe3 Re7 25.Qe4 a5 26.Kh1 Rde8 27.Qd3 Qb4 28.Rfe1
Nb5 29.Bh3 e4 30.Qe3 Rf8 31.Be6+ Kg7 32.Kg1 Nd6 33.Qg5 Rf6 34.Qe5 Qc5 35.Rf1
Rxe6 36.Qb2 Re7 {#R} 0-1

[Event "Bundesliga 1987/88"]
[Site "Germany"]
[Round "0"]
[White "Heinzel Olaf (GER)"]
[Black "Ueter Heinz-Dieter (GER)"]
[Result "0-1"]
[WhiteElo "2325"]
[BlackElo "2187"]

1.c4 e5 2.g3 Nc6 3.Bg2 g6 4.Nc3 Bg7 5.d3 d6 6.Nf3 Bg4 7.h3 Be6 8.Rb1 h6 9.O-O
Qd7 10.Kh2 f5 11.Bd2 Nf6 12.b4 O-O 13.b5 Ne7 14.Ne1 f4 15.Nc2 g5 16.Nb4 g4
17.Nbd5 Nexd5 18.Nxd5 Nh5 19.h4 Rf7 20.Be4 Raf8 21.Rg1 c6 22.bxc6 bxc6 23.Nb4
d5 24.cxd5 cxd5 25.Bg6 fxg3+ 26.fxg3 Rf2+ 27.Rg2 Rxg2+ 28.Kxg2 Nf4+ 29.gxf4
exf4 30.Qe1 f3+ 31.exf3 gxf3+ 32.Kf2 Qe7 33.Bg5 hxg5 34.Nxd5 Qd6 35.hxg5 Bd4+
{#R} 0-1

[Event "It (open)"]
[Site "Hallein (Austria)"]
[Round "6"]
[White "Schuster Michael (AUT)"]
[Black "Zieleznik Karol (POL)"]
[Result "0-1"]
[WhiteElo "2146"]
[BlackElo "2285"]

1.g3 e5 2.c4 Nc6 3.Bg2 g6 4.Nc3 Bg7 5.d3 d6 6.Nf3 Nge7 7.Rb1 Rb8 8.b4 a6 9.O-O
O-O 10.Ne1 Nd4 11.a4 Bd7 12.b5 c5 13.Nc2 Nxc2 14.Qxc2 a5 15.Nd5 Nxd5 16.Bxd5
Bh3 17.Bg2 Bxg2 18.Kxg2 b6 19.e4 f5 20.f3 f4 21.g4 Kf7 22.Bd2 Rh8 23.Rh1 h5
24.h3 Qe7 25.Rbf1 Rh6 26.Be1 Rbh8 27.Bf2 Bf6 28.Qd1 Ke6 29.Qe1 Qh7 30.gxh5
Rxh5 31.h4 Bxh4 32.Rxh4 Rxh4 33.Bxh4 Qxh4 34.Qxh4 Rxh4 35.Rg1 Kf6 {#R} 0-1

[Event "It (open) (juniors)"]
[Site "Sas Van Gent (Netherlands)"]
[Round "1"]
[White "Dekker Theo (NED)"]
[Black "Uhlmann Felix (SUI)"]
[Result "0-1"]
[WhiteElo "2165"]
[BlackElo "2177"]

1.c4 e5 2.Nc3 Nc6 3.g3 g6 4.Bg2 Bg7 5.d3 d6 6.Nf3 f5 7.Bg5 Qd7 8.h4 h6 9.Bc1
Nf6 10.Nd2 O-O 11.Nd5 Nd4 12.Nb3 Ne6 13.Nxf6+ Rxf6 14.Na5 c6 15.Rb1 f4 16.g4
Qc7 17.Nb3 Nf8 18.e3 Ne6 19.e4 g5 20.h5 f3 21.Bxf3 Qf7 22.Be2 Rxf2 23.Be3 Rf6
24.Kd2 Nf4 25.Bxf4 Rxf4 26.Qg1 Be6 27.Rf1 c5 28.Qg3 Rf8 29.Rxf4 exf4 30.Qf3
Bxb2 31.Ke1 Qd7 32.Rh2 Qa4 33.Bd1 Qxa2 34.Kf1 Qa3 35.Re2 Be5 36.Kg2 b5 37.Nd2
b4 38.Kh3 a5 39.Nb1 Qc1 40.Bc2 b3 {#R} 0-1

[Event "It (open)"]
[Site "St. Ingbert (Germany)"]
[Round "9"]
[White "Sponheim Olaf (GER)"]
[Black "Bastian Martin (GER)"]
[Result "0-1"]
[WhiteElo "2292"]
[BlackElo "2215"]

1.c4 g6 2.Nc3 Bg7 3.g3 Nc6 4.Bg2 d6 5.d3 e5 6.Rb1 a5 7.a3 f5 8.b4 axb4 9.axb4
Nf6 10.Bg5 Nd4 11.Nd5 h6 12.Bxf6 Bxf6 13.e3 Ne6 14.Nxf6+ Qxf6 15.Ne2 g5 16.Nc3
O-O 17.h4 g4 18.O-O Qg7 19.b5 Kh8 20.Ra1 Rb8 21.Ra7 f4 22.Re1 Qf7 23.Qd2 f3
24.Bf1 Ng7 25.d4 Nf5 26.dxe5 Nxg3 27.exd6 Nxf1 28.Qd4+ Kh7 29.Rxf1 cxd6
30.Qxd6 Bf5 31.Nd5 Be4 32.Nf4 Rbe8 33.c5 g3 34.fxg3 Qb3 35.c6 Qxe3+ 36.Kh2
Qxa7 37.Qd7+ Kh8 38.Kh1 Qe3 39.Nh5 Rg8 40.Nf6 f2+ {#R} 0-1

[Event "It (a)"]
[Site "Aarhus (Denmark)"]
[Round "4"]
[White "Kroll Ove (DEN)"]
[Black "Kristensen Jorgen Juul (DEN)"]
[Result "1-0"]
[WhiteElo "2359"]
[BlackElo "2264"]

1.c4 e5 2.Nc3 Nc6 3.g3 g6 4.Bg2 Bg7 5.d3 d6 6.f4 Nge7 7.Nf3 O-O 8.O-O exf4
9.Bxf4 Nf5 10.Qd2 Re8 11.Nd5 Ncd4 12.e4 Nxf3+ 13.Rxf3 Nd4 14.Rf2 Ne6 15.Bh6
Bd4 16.Be3 Bg7 17.Raf1 f5 18.exf5 gxf5 19.Rxf5 Rf8 20.Rxf8+ Nxf8 21.Bg5 Qd7
22.Nf6+ Bxf6 23.Bxf6 c6 24.Bc3 Ng6 25.Be4 {#r} 1-0

[Event "It (open)"]
[Site "Bad Mergentheim (Germany)"]
[Round "0"]
[White "Polnarieva Larisa (RUS)"]
[Black "Klebel Martin Dr (GER)"]
[Result "0-1"]
[WhiteElo "2205"]
[BlackElo "2381"]

1.c4 e5 2.Nc3 Nc6 3.g3 g6 4.Bg2 Bg7 5.d3 d6 6.e3 f5 7.Nge2 Nf6 8.O-O O-O 9.Rb1
a5 10.a3 Ne7 11.d4 c6 12.b3 Be6 13.Bb2 e4 14.Qd2 Qe8 15.a4 Qd7 16.Ba3 Bf7
17.Rfc1 Rfe8 18.Rd1 g5 19.c5 d5 20.b4 axb4 21.Rxb4 Ng6 22.Rdb1 Ra7 23.Bc1 h5
24.Qb2 Re7 25.a5 h4 26.a6 bxa6 27.Rb8+ Kh7 28.Qb6 Rc7 29.Qxa6 hxg3 30.fxg3 Bh6
31.Bh3 Be6 32.Qa8 Ra7 {#R} 0-1

[Event "Ch BRD"]
[Site "Bad Neuenahr (Germany)"]
[Round "0"]
[White "Sehner Norbert (GER)"]
[Black "Mainka Romuald (GER)"]
[Result "1-0"]
[WhiteElo "2373"]
[BlackElo "2410"]

1.c4 e5 2.g3 d6 3.Bg2 g6 4.Nc3 Bg7 5.d3 Nc6 6.e3 Nge7 7.Rb1 O-O 8.Nge2 Bg4
9.h3 Be6 10.Nd5 Qd7 11.b4 Rae8 12.Qd2 b5 13.Nxe7+ Nxe7 14.cxb5 Qxb5 15.O-O Qd7
16.Kh2 f5 17.b5 Bd5 18.e4 Be6 19.exf5 Rxf5 20.Qa5 Bd5 21.Be4 c5 22.bxc6 Bxc6
23.Be3 Rh5 24.Ng1 d5 25.Bf3 Rf5 26.Qxa7 Qe6 27.d4 Bd7 28.Bg4 h5 29.Bxf5 Qxf5
30.Rb8 Rxb8 31.Qxb8+ Kh7 32.dxe5 h4 33.Qb1 Qh5 34.Qd1 Qxe5 35.Bf4 Qe6 36.Re1
Qf7 37.Nf3 {#r} 1-0

[Event "It (open)"]
[Site "Celle Ligure (Italy)"]
[Round "0"]
[White "Capece Adolivio (ITA)"]
[Black "Jurkovic Ante (CRO)"]
[Result "0-1"]
[WhiteElo "2043"]
[BlackElo "2346"]

1.c4 g6 2.Nc3 Bg7 3.g3 e5 4.Bg2 d6 5.d3 Nc6 6.Rb1 a5 7.a3 Nf6 8.Bg5 h6 9.Bd2
Ne7 10.Nf3 O-O 11.Qc1 Kh7 12.h4 Rh8 13.e4 c6 14.b4 axb4 15.axb4 Ng4 16.Nh2
Nxh2 17.Rxh2 Be6 18.f4 d5 19.exd5 cxd5 20.c5 h5 21.Nb5 Qd7 22.Nd6 Nf5 23.fxe5
Bxe5 24.Bf4 Bg7 25.Bf3 Nxd6 26.Bxd6 Rhe8 27.Kd1 Bg4 28.Qf4 Qa4+ 29.Rc2 Re1+
30.Kxe1 Qxc2 31.Rd1 Ra2 32.Bxg4 Bc3+ 33.Kf1 Qg2# 0-1

[Event "Bundesliga 1988/89 (2nd)"]
[Site "Germany"]
[Round "0"]
[White "Libeau Rene (GER)"]
[Black "Hirsch Stefan (GER)"]
[Result "1-0"]
[WhiteElo "2394"]
[BlackElo "2218"]

1.c4 e5 2.Nc3 Nc6 3.g3 g6 4.Bg2 Bg7 5.d3 d6 6.e4 Nge7 7.Nge2 O-O 8.O-O a6
9.Rb1 Nd4 10.Nxd4 exd4 11.Ne2 c6 12.b4 b5 13.Bb2 Qb6 14.Qd2 Bg4 15.Rfc1 bxc4
16.dxc4 Bxe2 17.Qxe2 Rab8 18.Qd1 Qa7 19.Qa4 c5 20.Ba3 Qc7 21.e5 dxe5 22.bxc5
Rfd8 23.Rxb8 Rxb8 24.Qxa6 Nc8 25.Bd5 Bf8 26.Re1 Na7 27.Qf6 Bg7 28.Qd6 Rc8
29.Qxc7 Rxc7 30.Rb1 Bf8 31.Rb7 Rxb7 32.Bxb7 f5 33.f3 Kf7 34.Kf1 Ke8 35.Bb4 Kd7
36.c6+ Ke8 37.Bxf8 {#r} 1-0

[Event "It (open)"]
[Site "Mendrisio (Switzerland)"]
[Round "9"]
[White "Capece Adolivio (ITA)"]
[Black "Arapovic Vitomir (BIH)"]
[Result "0-1"]
[WhiteElo "2043"]
[BlackElo "2373"]

1.c4 g6 2.Nc3 Bg7 3.g3 e5 4.Bg2 d6 5.d3 Nc6 6.Nf3 f5 7.Bg5 Nf6 8.Qc1 h6 9.Bd2
Be6 10.b4 Qd7 11.b5 Ne7 12.Rb1 Bf7 13.c5 e4 14.dxe4 fxe4 15.c6 bxc6 16.Ne5
dxe5 17.bxc6 Qxc6 18.O-O O-O 19.Nxe4 Qxc1 20.Rfxc1 Nxe4 21.Bxe4 Bd5 {#R} 0-1

[Event "Cup World (open)"]
[Site "Palma de Majorca (Spain)"]
[Round "0"]
[White "San Segundo Carrillo Pablo (ESP)"]
[Black "Mohr Stefan (GER)"]
[Result "1-0"]
[WhiteElo "2375"]
[BlackElo "2485"]

1.c4 e5 2.Nc3 d6 3.g3 g6 4.Bg2 Bg7 5.d3 Nc6 6.e4 Nge7 7.Nge2 O-O 8.O-O Be6
9.Be3 f5 10.Nd5 Qd7 11.Qd2 Rf7 12.Rac1 Raf8 13.b4 Nc8 14.a3 Nd8 15.exf5 gxf5
16.f4 a6 17.fxe5 dxe5 18.d4 e4 19.Ndf4 Re7 20.Nh5 Rfe8 21.Bg5 Bh8 22.d5 Bf7
23.Nf6+ Bxf6 24.Bxf6 Bg6 25.Bxe7 Nxe7 26.Nf4 Nf7 27.Qc3 {#r} 1-0

[Event "It (open)"]
[Site "St. Ingbert (Germany)"]
[Round "2"]
[White "Neumann Andreas (GER)"]
[Black "Heckler Mario (GER)"]
[Result "0-1"]
[WhiteElo "2210"]
[BlackElo "2265"]

1.c4 g6 2.Nc3 Bg7 3.g3 e5 4.Bg2 d6 5.d3 Nc6 6.Rb1 a5 7.a3 f5 8.b4 axb4 9.axb4
Nf6 10.b5 Nd4 11.Bg5 Ne6 12.Bxf6 Bxf6 13.Nd5 Bg7 14.Nf3 O-O 15.O-O g5 16.Nd2
g4 17.f3 gxf3 18.exf3 f4 19.Ne4 Nd4 20.Ra1 Rxa1 21.Qxa1 c6 22.bxc6 bxc6
23.Ndc3 d5 24.cxd5 cxd5 25.Qa2 Be6 26.Nc5 Bf7 27.Qa7 fxg3 28.hxg3 Qg5 29.Kh2
Qh6+ 30.Kg1 e4 31.fxe4 Nc6 {#R} 0-1

[Event "It (open)"]
[Site "Badenweiler (Germany)"]
[Round "0"]
[White "Degenhardt Horst (GER)"]
[Black "Jansa Vlastimil (CZE)"]
[Result "1-0"]
[WhiteElo "2276"]
[BlackElo "2478"]

1.c4 g6 2.Nc3 Bg7 3.g3 d6 4.Bg2 e5 5.d3 Nc6 6.Rb1 f5 7.e3 Nf6 8.Nge2 O-O 9.b4
a6 10.O-O Be6 11.Nd5 Bf7 12.Qc2 Nxd5 13.Bxd5 Bxd5 14.cxd5 Ne7 15.b5 axb5
16.Rxb5 Nxd5 17.Rxb7 Rf7 18.Bd2 Qc8 19.Qc6 Nb6 20.Rb1 Qd8 21.R1xb6 f4 22.exf4
exf4 23.Bxf4 Qe8 24.Rxc7 Rxc7 25.Qxc7 Qxe2 26.Rb7 Qe1+ 27.Kg2 Qc3 28.Qf7+ Kh8
29.Bh6 {#r} 1-0

[Event "Ch Brasiliense"]
[Site "Brazil"]
[Round "2"]
[White "Lima Felipe"]
[Black "Francimar De Oliveira Vicente"]
[Result "0-1"]
[WhiteElo "2143"]
[BlackElo "1962"]

1.c4 e5 2.Nc3 Nc6 3.g3 g6 4.Bg2 Bg7 5.d3 d6 6.Nf3 Bg4 7.h3 Be6 8.Ng5 Bd7 9.Bd5
Nh6 10.Bg2 O-O 11.O-O Kh8 12.Kh2 Rb8 13.e4 Nd4 14.f4 f5 15.Be3 a6 16.Qd2 Nf7
17.fxe5 dxe5 18.Rae1 Ne6 19.Nf3 Nd4 20.exf5 Bxf5 21.Nh4 Bxd3 22.Rxf7 Rxf7
23.Bd5 Rf1 24.Rxf1 Bxf1 25.b3 c6 26.Be4 Bf6 27.Qf2 Bxh4 28.gxh4 Qf8 29.Bxd4
exd4 30.Qxd4+ Kg8 31.h5 Qf4+ 32.Kg1 Rf8 33.Bd5+ cxd5 {#R} 0-1

[Event "Ch Czechoslovakia"]
[Site "Brno (Czech Republic)"]
[Round "12"]
[White "Hracek Zbynek (CZE)"]
[Black "Kolesar Milan (SVK)"]
[Result "1-0"]
[WhiteElo "2390"]
[BlackElo "2175"]

1.c4 e5 2.Nc3 Nc6 3.g3 g6 4.Bg2 Bg7 5.d3 d6 6.Rb1 f5 7.e3 Nf6 8.Nge2 O-O 9.O-O
h6 10.Nd5 Ne7 11.Nxf6+ Bxf6 12.b4 c6 13.b5 Be6 14.e4 Bg7 15.exf5 gxf5 16.bxc6
bxc6 17.Qa4 Qc7 18.Be3 Rab8 19.f4 exf4 20.Nxf4 Bf7 21.Rb3 Rxb3 22.axb3 Rb8
23.b4 a6 24.Rb1 Qb7 25.Qd1 d5 26.Nh5 Bxh5 27.Qxh5 Kh7 28.Bc5 Qd7 29.Qf7 Rb7
30.Bh3 Kh8 31.Re1 Ng8 32.Qxd7 Rxd7 33.Bxf5 Rd8 34.Re6 dxc4 35.dxc4 Rd1+ 36.Kg2
Rd2+ 37.Kf3 Bc3 38.Rxc6 a5 39.b5 a4 40.Ra6 Nf6 {#r} 1-0

[Event "It (open)"]
[Site "Cannes (France)"]
[Round "0"]
[White "Mothes Herve-Alexandre (FRA)"]
[Black "Baudot Denis (LUX)"]
[Result "0-1"]
[WhiteElo "2170"]
[BlackElo "2110"]

1.c4 g6 2.Nc3 Bg7 3.g3 d6 4.Bg2 Nc6 5.d3 e5 6.f4 Nge7 7.Nf3 O-O 8.O-O Rb8 9.a3
a6 10.Qc2 Nf5 11.fxe5 Nxe5 12.e4 Nxf3+ 13.Bxf3 Nd4 14.Qd1 Nxf3+ 15.Qxf3 Bh3
16.Re1 f5 17.Nd5 c6 18.Nf4 Bg4 19.Qg2 fxe4 20.Qxe4 Re8 21.Qxe8+ Qxe8 22.Rxe8+
Rxe8 23.h3 Be2 24.Bd2 Bd4+ {#R} 0-1

[Event "Bundesliga 1989/90"]
[Site "Germany"]
[Round "0"]
[White "Kreul Helmut (GER)"]
[Black "Elis Volker (GER)"]
[Result "1-0"]
[WhiteElo "2114"]
[BlackElo "2220"]

1.c4 e5 2.g3 Nc6 3.Bg2 g6 4.Nc3 Bg7 5.d3 d6 6.e4 Nh6 7.h4 O-O 8.f3 Be6 9.Nge2
a6 10.Be3 f6 11.Qd2 Nf7 12.Bh3 Bxh3 13.Rxh3 Qd7 14.Rh2 Ne7 15.O-O-O b5 16.f4
c6 17.Rf1 d5 18.Bc5 d4 19.Nd1 bxc4 20.dxc4 Nd6 21.Bxd6 Qxd6 22.h5 Qc5 23.b3 a5
24.hxg6 hxg6 25.Nb2 Qa3 26.Kb1 Qd6 27.Nd3 c5 28.fxe5 fxe5 29.Rxf8+ Kxf8 30.a4
Rb8 31.Kc2 Nc6 32.Nec1 Qe7 33.Qe2 Qg5 34.Nxc5 Nb4+ 35.Kb2 Qxg3 36.Nd7+ {#r}
1-0

[Event "It (open)"]
[Site "Metz (France)"]
[Round "8"]
[White "Mednis Edmar J (USA)"]
[Black "Douven Rudy C (NED)"]
[Result "1-0"]
[WhiteElo "2450"]
[BlackElo "2440"]

1.c4 e5 2.g3 Nc6 3.Bg2 g6 4.Nc3 d6 5.d3 Bg7 6.e3 Be6 7.Nge2 Qd7 8.h3 Nge7
9.Nd5 O-O 10.Bd2 Rae8 11.Qa4 Nc8 12.Qb5 Nb6 13.a4 Rb8 14.a5 Nc8 15.Nec3 a6
16.Qa4 Qd8 17.O-O N6a7 18.Ne2 c6 19.Ndc3 d5 20.cxd5 cxd5 21.d4 f6 22.Qb3 Ne7
23.dxe5 fxe5 24.e4 Bf7 25.Nxd5 Nec6 26.Qb6 Qd7 27.Rad1 Nc8 28.Qc5 Nd4 29.Nxd4
exd4 30.Bf4 Ra8 31.e5 Qb5 32.Qxb5 axb5 33.b4 g5 34.Bxg5 Bxe5 35.Rfe1 Bg7
36.Nc7 Rb8 37.Nxb5 Bc4 38.Nxd4 Na7 39.Be7 Rfe8 40.Bc5 {#r} 1-0

[Event "Ch Netherlands (open) (juniors) (under 20)"]
[Site "Netherlands"]
[Round "5"]
[White "Abeln Michiel (NED)"]
[Black "Jonker Marc (NED)"]
[Result "0-1"]
[WhiteElo "2322"]
[BlackElo "2298"]

1.c4 d6 2.g3 e5 3.Bg2 g6 4.Nc3 Bg7 5.d3 Nc6 6.Rb1 a5 7.a3 f5 8.Nf3 Nf6 9.O-O
O-O 10.Nd5 h6 11.b4 axb4 12.axb4 Kh7 13.b5 Ne7 14.Qb3 g5 15.Nxe7 Qxe7 16.Ba3
Rb8 17.b6 c5 18.Bb2 f4 19.Nd2 Bg4 20.Bf3 Be6 21.Ne4 g4 22.Bg2 Nh5 23.Rfd1 f3
24.Bf1 Nf6 25.Nd2 Nd7 26.e3 h5 27.d4 cxd4 28.exd4 exd4 29.Qc2+ Kg8 30.Re1 Nc5
31.Ba3 Qd7 32.Bxc5 dxc5 33.Rb5 Rbc8 34.Ne4 Bf5 35.Bd3 Rfe8 36.Qd2 Re5 37.Rbb1
Rce8 38.Qc2 Qe7 {#R} 0-1

[Event "Olympiad"]
[Site "Novi Sad (Yugoslavia)"]
[Round "0"]
[White "Sunye Neto Jaime (BRA)"]
[Black "Barua Dibyendu (IND)"]
[Result "0-1"]
[WhiteElo "2470"]
[BlackElo "2460"]

1.c4 e5 2.Nc3 Nc6 3.g3 g6 4.Bg2 Bg7 5.d3 d6 6.Rb1 Nf6 7.b4 O-O 8.e3 Ne7 9.Nge2
d5 10.cxd5 Nfxd5 11.O-O Bg4 12.Qb3 c6 13.h3 Be6 14.Qc2 Qd7 15.Kh2 h6 16.Na4 b6
17.a3 Rac8 18.e4 Nc7 19.Nac3 Rfd8 20.Rd1 Nb5 21.Nxb5 cxb5 22.Qb2 Rc6 23.Be3
Rd6 24.Nc3 f5 25.Rbc1 f4 26.gxf4 exf4 27.Bxf4 Rxd3 28.Rxd3 Qxd3 29.Qc2 g5
30.Be3 Be5+ 31.Kg1 Qxc2 32.Rxc2 Rc8 33.Bd2 Ng6 34.Bf1 Nf4 35.h4 gxh4 36.Rc1
Kh7 37.Nxb5 Rg8+ 38.Kh1 Bg4 39.Nd4 Ne6 40.f3 Bh5 {#R} 0-1

[Event "Ch Paris (open)"]
[Site "Paris (France)"]
[Round "0"]
[White "Mothes Herve-Alexandre (FRA)"]
[Black "Dussol Pierre (FRA)"]
[Result "1-0"]
[WhiteElo "2170"]
[BlackElo "2220"]

1.c4 e5 2.Nc3 d6 3.g3 Nc6 4.Bg2 g6 5.d3 Bg7 6.e4 Be6 7.Nge2 Qd7 8.Be3 Nd4
9.Qd2 Bh3 10.O-O h5 11.Bxh3 Qxh3 12.Bxd4 h4 13.Bxe5 dxe5 14.Qe3 Nf6 15.Qf3
hxg3 16.Qxg3 O-O-O 17.Nd5 Ng4 18.f3 Nxh2 19.Rf2 Qxg3+ 20.Nxg3 Rh3 21.Kg2 Rdh8
22.Rh1 R3h4 23.Kg1 c6 24.Nc3 Rd8 25.Rhxh2 Rxh2 26.Kxh2 Rxd3 27.Kg2 Bf8 28.Nf1
Rd4 29.b3 Bb4 30.Ne2 Rd1 31.Ng1 f5 32.exf5 gxf5 33.Nh3 Re1 34.Ng5 Kd7 35.Rc2
Ke7 36.Kf2 {#r} 1-0

[Event "Ch Paris (open)"]
[Site "Paris (France)"]
[Round "0"]
[White "Vandevoort Pascal (BEL)"]
[Black "Todorcevic Miodrag (ESP)"]
[Result "0-1"]
[WhiteElo "2406"]
[BlackElo "2540"]

1.c4 g6 2.g3 Bg7 3.Bg2 d6 4.Nc3 e5 5.d3 Nc6 6.Rb1 f5 7.b4 Nh6 8.Nd5 O-O 9.b5
Nd4 10.e3 Ne6 11.Ne2 Bd7 12.O-O c6 13.Ndc3 f4 14.f3 g5 15.bxc6 bxc6 16.d4 Nf5
17.dxe5 dxe5 18.exf4 gxf4 19.Ne4 Qc7 20.Qd3 Rfd8 21.Bh3 Bc8 22.Nf6+ Bxf6
23.Qxf5 Qf7 24.Qc2 Nd4 25.Nxd4 Bxh3 26.Nxc6 Re8 27.Qe4 Bxf1 28.Kxf1 Qe6 29.Rb7
Qh3+ 30.Kg1 fxg3 31.Qd5+ Kh8 32.hxg3 Qxg3+ 33.Kf1 Rg8 34.Be3 Qg2+ 35.Ke1 Rac8
36.Qf7 Qh1+ 37.Ke2 Rxc6 {#R} 0-1

[Event "It (cat.14) \"]
[Site "Prague (Czech Republic)"]
[Round "1"]
[White "Smejkal Jan (CZE)"]
[Black "Timman Jan H (NED)"]
[Result "0-1"]
[WhiteElo "2545"]
[BlackElo "2660"]

1.c4 e5 2.g3 Nc6 3.Bg2 g6 4.Nc3 Bg7 5.d3 d6 6.e4 f5 7.Nge2 Nf6 8.O-O O-O 9.Nd5
Ne7 10.Nxf6+ Bxf6 11.Be3 c6 12.Rc1 Be6 13.f4 Qd7 14.Qd2 a6 15.b3 Rad8 16.Bb6
Rde8 17.Bf2 fxe4 18.dxe4 exf4 19.gxf4 Bh3 20.Ng3 h5 21.e5 dxe5 22.Qxd7 Bxd7
23.Bc5 Bg7 24.fxe5 Rxf1+ 25.Rxf1 Bxe5 26.Rd1 Bg4 27.Re1 Bxg3 28.hxg3 Kf7 29.b4
Be6 30.b5 Bxc4 31.bxc6 bxc6 32.a3 Bd5 33.Bf1 a5 34.Bh3 Ng8 35.Rb1 Re4 36.Rb7+
Kf6 {#R} 0-1

[Event "It (open)"]
[Site "Adelaide (Australia)"]
[Round "0"]
[White "Michelakis George (RSA)"]
[Black "Telfer Kenneth (AUS)"]
[Result "1-0"]
[WhiteElo "2425"]
[BlackElo "2100"]

1.c4 e5 2.Nc3 Nc6 3.g3 g6 4.Bg2 Bg7 5.d3 d6 6.Rb1 f5 7.e3 Nf6 8.Nge2 O-O 9.O-O
Ne7 10.f4 Rb8 11.b4 Kh8 12.b5 Rf7 13.Qa4 Bd7 14.Qxa7 b6 15.Qa4 h6 16.Qb3 g5
17.a4 g4 18.Bd2 Bc8 19.Nd5 Nexd5 20.cxd5 h5 21.Rbc1 h4 22.fxe5 Nh5 23.e6 Rf8
24.Nf4 hxg3 25.Nxh5 Qh4 26.Nxg3 Rf6 27.Bc3 Rh6 28.Bxg7+ {#r} 1-0

[Event "It (open) \"]
[Site "Bratislava (Slovakia)"]
[Round "4"]
[White "Szollos Ondrej (SVK)"]
[Black "Hudoba Ondrej (SVK)"]
[Result "0-1"]
[WhiteElo "2051"]
[BlackElo "2160"]

1.c4 e5 2.Nc3 Nc6 3.g3 g6 4.Bg2 d6 5.d3 Bg7 6.Nf3 f5 7.Bg5 Qd7 8.Be3 Nf6 9.h3
h6 10.d4 e4 11.Nd2 Qf7 12.Qb3 Bd7 13.Qa3 a5 14.Qb3 O-O 15.Nb5 Ne8 16.a3 a4
17.Qc2 Na5 18.Qxa4 c6 19.b4 cxb5 20.cxb5 g5 21.f4 Nc4 22.Qxa8 Nxe3 23.Kf2 Bxd4
24.Rac1 Bxb5 25.Kg1 Nc4+ 26.Kh2 Nf6 {#R} 0-1

[Event "It \"]
[Site "Brno (Czech Republic)"]
[Round "0"]
[White "Augustin Josef (CZE)"]
[Black "Kolesar Milan (SVK)"]
[Result "1-0"]
[WhiteElo "2281"]
[BlackElo "2305"]

1.c4 e5 2.Nc3 Nc6 3.g3 g6 4.Bg2 Bg7 5.d3 d6 6.e3 f5 7.Nge2 Nf6 8.O-O O-O 9.Rb1
Kh8 10.b4 a6 11.a4 g5 12.b5 axb5 13.axb5 Ne7 14.f4 h6 15.Bd2 Ng6 16.Qc2 gxf4
17.exf4 h5 18.Nd5 Rb8 19.Nxf6 Bxf6 20.Bc3 Be6 21.Rbe1 Qd7 22.Qb2 Kg7 23.Bf3
Rh8 24.d4 exd4 25.Nxd4 Bxc4 26.Ne6+ Bxe6 27.Bxf6+ Kf7 28.Bxh8 Rxh8 29.Re3 Bc4
30.Rc1 Bxb5 31.Bd5+ {#r} 1-0

[Event "It \"]
[Site "Brno (Czech Republic)"]
[Round "0"]
[White "Pribyl Josef (CZE)"]
[Black "Votava Jan (CZE)"]
[Result "1-0"]
[WhiteElo "2305"]
[BlackElo "2380"]

1.c4 e5 2.Nc3 Nc6 3.g3 g6 4.Bg2 Bg7 5.d3 d6 6.Rb1 a5 7.Nf3 Nf6 8.a3 O-O 9.O-O
Ne7 10.b4 axb4 11.axb4 c6 12.Bb2 Nh5 13.Ra1 Rb8 14.Qb3 h6 15.b5 Be6 16.Nd2 Qd7
17.Ra7 Bh3 18.bxc6 Nxc6 19.Bxh3 Qxh3 20.Rxb7 Na5 21.Rxb8 Nxb3 22.Rxb3 f5
23.Ba3 f4 24.Nce4 Nf6 25.Nxf6+ Rxf6 26.Rb8+ Kh7 27.Rfb1 g5 28.Ne4 g4 29.Nxf6+
Bxf6 30.R1b7+ Kg6 31.Rg8+ Kf5 32.e4+ fxe3 33.fxe3 Bh4 34.e4+ Kf6 35.Rf8+ Kg6
36.Rg8+ Kh5 37.Rh7 Bf6 38.Bc1 Bg7 39.Rgxg7 {#r} 1-0

[Event "Bundesliga 1990/91 (2nd)"]
[Site "Germany"]
[Round "0"]
[White "Muender Michael (GER)"]
[Black "Vogel Robert (GER)"]
[Result "0-1"]
[WhiteElo "2265"]
[BlackElo "2256"]

1.c4 e5 2.Nc3 Nc6 3.g3 g6 4.Bg2 Bg7 5.d3 d6 6.e3 Nge7 7.Nge2 O-O 8.O-O Bf5
9.Rb1 Qd7 10.Re1 Bh3 11.Bh1 Rae8 12.b4 f5 13.b5 Nd8 14.f4 g5 15.Nd5 Ng6
16.fxg5 Ne6 17.Nf6+ Bxf6 18.gxf6 f4 19.Bxb7 Rxf6 20.exf4 exf4 21.Nc3 Nd4
22.Rxe8+ Qxe8 23.Ne4 Rf5 24.Bb2 Qe5 25.g4 Rf7 26.Bd5 f3 27.Bxf7+ Kxf7 28.Qe1
Nf4 29.Ng3 Nde2+ 30.Nxe2 Nxe2+ 31.Kf2 Qxh2+ 32.Ke3 Qf4+ {#R} 0-1

[Event "Regionalliga North South"]
[Site "Germany"]
[Round "0"]
[White "Sobottka Frank (GER)"]
[Black "Goebel Wolfgang (GER)"]
[Result "1-0"]
[WhiteElo "2006"]
[BlackElo "2130"]

1.c4 e5 2.g3 Nc6 3.Bg2 g6 4.Nc3 Bg7 5.d3 d6 6.Nf3 Nf6 7.O-O O-O 8.Bd2 h6 9.e4
Be6 10.h3 a6 11.Nd5 Kh7 12.Nh4 Nd4 13.Ne3 Nd7 14.Bc3 c5 15.Qe1 Bf6 16.Nhf5 Nb8
17.f4 exf4 18.Rxf4 Be5 19.Rg4 Nbc6 20.Qd2 Qf6 21.Nxh6 Bxg4 22.Nhxg4 Qg7 23.Kh2
Rae8 24.Rf1 f5 25.Nxe5 Qxe5 26.Nd5 Rh8 27.Qg5 Kg7 28.exf5 Rh5 29.Qxg6+ Kf8
30.Qxh5 Ne2 31.Bxe5 {#r} 1-0

[Event "Memorial J.Capablanca (b)"]
[Site "Habana (Cuba)"]
[Round "0"]
[White "Otero Evelio (CUB)"]
[Black "Pecorelli Garcia Humberto (CUB)"]
[Result "0-1"]
[WhiteElo "2385"]
[BlackElo "2400"]

1.c4 e5 2.Nc3 Nc6 3.g3 g6 4.Bg2 Bg7 5.d3 d6 6.e3 Nge7 7.Nge2 h5 8.h3 h4 9.g4
f5 10.gxf5 Bxf5 11.Nd5 Qd7 12.Nec3 O-O-O 13.a3 Kb8 14.Ne4 Rdf8 15.Bd2 Nxd5
16.cxd5 Ne7 17.Qb3 Bh6 18.Rc1 Rh7 19.Ba5 b6 20.Bb4 Rhf7 21.Rc2 Nc8 22.a4 g5
23.Ba3 g4 24.hxg4 Bxe4 25.Bxe4 Qxg4 26.Rd2 Rxf2 27.Rxf2 Qg3 28.Qc2 Bxe3 29.Rf1
Bxf2+ 30.Kd1 Rf4 31.Qe2 h3 32.Bb4 h2 33.Bd2 Be3 34.Be1 Rxf1 35.Qxf1 Qg4+
36.Bf3 Qxa4+ 37.Ke2 Bf4 38.Qh3 Qc2+ 39.Kf1 Qxd3+ 40.Kg2 Qc2+ {#R} 0-1

[Event "It (open) \"]
[Site "London (England)"]
[Round "0"]
[White "Ward Christopher (ENG)"]
[Black "Barua Dibyendu (IND)"]
[Result "0-1"]
[WhiteElo "2448"]
[BlackElo "2515"]

1.c4 e5 2.Nc3 Nc6 3.g3 g6 4.Bg2 Bg7 5.d3 d6 6.e3 h5 7.h4 Nh6 8.Rb1 Bg4 9.Qa4
Qd7 10.Nd5 O-O 11.b4 Kh7 12.Nf3 f6 13.Nd2 Rf7 14.Ne4 Ng8 15.Nec3 Nd8 16.Qxd7
Rxd7 17.b5 c6 18.Nb4 Ne7 19.bxc6 bxc6 20.Na6 Nb7 21.Ba3 Rc8 22.Kd2 Be6 23.Ne4
Nf5 24.Kc3 Na5 25.Bb4 Nb7 26.Ba3 Na5 27.Kb4 Nb7 28.Ka4 Bf7 29.Bh3 c5 30.g4
hxg4 31.Bxg4 Be6 32.h5 g5 33.h6 Bh8 34.Rb5 Nd8 35.Nb8 Rb7 36.Rxb7+ Nxb7 37.Rb1
Rxb8 38.Bxf5+ Bxf5 39.Nxd6 Bd7+ 40.Nb5 a6 {#R} 0-1